[Event "SVR-op"]
[Site "Trier"]
[Date "2016.03.26"]
[Round "7"]
[White "Wallerath, Alexander"]
[Black "Roden, Simon"]
[Result "1-0"]
[WhiteElo "977"]
[BlackElo "905"]
[PlyCount "93"]
[EventDate "2016.03.19"]
[EventType "swiss"]
[EventRounds "7"]
[EventCountry "GER"]
[SourceTitle "CBM 171 Extra"]
[Source "ChessBase"]
[SourceDate "2016.04.26"]
[SourceVersion "1"]
[SourceVersionDate "2016.04.26"]
[SourceQuality "1"]

1. e4 c5 2. c3 d6 3. Nf3 a6 4. Bc4 Nc6 5. d4 cxd4 6. Nxd4 Nf6 7. Nxc6 bxc6 8. Nd2 c5 9. 0-0 Bb7 10. Re1 g6 11. e5 dxe5 12. Rxe5 Bg7 13. Rxc5 0-0 14. Re5 Qd6 15. Re1 Qc6 16. Qf3 Bh6 17. Qxc6 Bxc6 18. Rxe7 Rae8 19. Rxe8 Rxe8 20. Kf1 Bxd2 21. Bxd2 Ne4 22. Be3 Bb5 23. Bxb5 axb5 24. Rd1 Rb8 25. Rd4 Nc5 26. Rb4 Nd3 27. Rb3 Ra8 28. Rxb5 Rxa2 29. Rd5 Nxb2 30. Bh6 Ra8 31. Rd7 f5 32. Rg7+ Kh8 33. Rc7 Kg8 34. c4 Nd3 35. c5 Re8 36. Be3 f4 37. Bd2 g5 38. c6 Ne5 39. Bc3 Ng4 40. h3 Ne5 41. Bxe5 Rxe5 42. Rd7 Ra5 43. c7 Ra1+ 44. Ke2 Ra2+ 45. Kf3 Ra8 46. Rd8+ Rxd8 47. cxd8Q+ 1-0

[Event "SVR-op"]
[Site "Trier"]
[Date "2016.03.24"]
[Round "5"]
[White "Wallerath, Alexander"]
[Black "Conrad, Nico"]
[Result "0-1"]
[WhiteElo "977"]
[BlackElo "782"]
[PlyCount "94"]
[EventDate "2016.03.19"]
[EventType "swiss"]
[EventRounds "7"]
[EventCountry "GER"]
[SourceTitle "CBM 171 Extra"]
[Source "ChessBase"]
[SourceDate "2016.04.26"]
[SourceVersion "1"]
[SourceVersionDate "2016.04.26"]
[SourceQuality "1"]

1. e4 e5 2. Nf3 Nc6 3. Nc3 Bc5 4. d3 Nf6 5. Nd5 Nxd5 6. exd5 Nd4 7. Nxe5 Qf6 8. Nf3 0-0 9. Be3 Re8 10. c3 Nf5 11. d4 Nxe3 12. fxe3 Bb6 13. Qd3 d6 14. Be2 Bf5 15. Qd2 c5 16. 0-0 Qg6 17. Nh4 Qg5 18. Nxf5 Ba5 19. Rf3 cxd4 20. Qxd4 Bb6 21. Qd3 Re5 22. Re1 Rae8 23. Bd1 g6 24. Nd4 Rxd5 25. Bb3 Qe5 26. Bxd5 Qxd5 27. a3 Re5 28. e4 Qa2 29. Re2 d5 30. h3 f5 31. exd5 Rxe2 32. Qxe2 Qxd5 33. Qe6+ Qxe6 34. Kf1 Bxd4 35. cxd4 Qc4+ 36. Ke1 Qxd4 37. Rf2 b5 38. Rd2 Qe5+ 39. Re2 Qb8 40. b4 a5 41. bxa5 b4 42. axb4 Qxb4+ 43. Kf2 Qxa5 44. Re8+ Kf7 45. Rh8 h5 46. Rh7+ Kg8 47. Re7 Qc5+ 0-1